|
|
|
|
| LEADER |
00954nab a2200253 i 4500 |
| 001 |
publ24430 |
| 005 |
20220526082212.0 |
| 008 |
220526s2022 hu o 0|| Angol d |
| 022 |
|
|
|a 0167-7322
|
| 024 |
7 |
|
|a 10.1016/j.molliq.2022.119372
|2 doi
|
| 024 |
7 |
|
|a 32826164
|2 mtmt
|
| 040 |
|
|
|a SZTE Publicatio Repozitórium
|b hun
|
| 041 |
|
|
|a Angol
|
| 100 |
1 |
|
|a Gombár Gyöngyi
|
| 245 |
1 |
0 |
|a Synthesis and characterization of novel blue-emitting nicotinamide-gold nanoclusters with “chain-breaker” antioxidant property
|h [elektronikus dokumentum] /
|c Gombár Gyöngyi
|
| 260 |
|
|
|c 2022
|
| 300 |
|
|
|a Terjedelem: 9-Azonosító: 119372
|
| 490 |
0 |
|
|a JOURNAL OF MOLECULAR LIQUIDS
|v 359
|
| 650 |
|
4 |
|a Kémiai tudományok
|
| 700 |
0 |
1 |
|a Ungor Ditta Anita
|e aut
|
| 700 |
0 |
1 |
|a Samu Gergely F.
|e aut
|
| 700 |
0 |
1 |
|a Dömötör Orsolya
|e aut
|
| 700 |
0 |
1 |
|a Csapó Edit
|e aut
|
| 856 |
4 |
0 |
|u http://publicatio.bibl.u-szeged.hu/24430/1/GyongyiJMolLiqiuds2022.pdf
|z Dokumentum-elérés
|